000
00234 a2200085 4500
020
_a
978-1-61332-072-3
100
_a
Jane Jacobs
245
_a
What We See: Advancing the Observations of Jane Jacobs
260
_b
NYU Press, New Village Press
999
_c
11504
_d
11504